Statistics for Current SNL Cast

Click here to take the quiz!

General Stats

  • This quiz has been taken 7 times
    (2 since last reset)
  • The average score is 13 of 17

Answer Stats

Starting YearCast Member% Correct
2020Andrew Dismukes
100%
2019Bowen Yang
100%
2019Chloe Fineman
100%
2014Colin Jost
100%
2017Heidi Gardner
100%
2021James Austin Johnson
100%
2003Kenan Thompson
100%
2014Michael Che
100%
2016Mikey Day
100%
2020Punkie Johnson
100%
2023Chloe Troast
50%
2022Devon Walker
50%
2018Ego Nwodim
50%
2022Marcello Hernandez
50%
2022Michael Longfellow
50%
2021Sarah Sherman
50%
2022Molly Kearney
0%

Score Distribution

Percentile by Number Answered

Percent of People with Each Score

Your Score History

You have not taken this quiz since the last reset